000 02179cam a22002174a 4500
005 20250605164038.0
008 250528s ||||||||||||||||||||||||d
035 _a16880
020 _a9603516341
040 _aGR-AtMCL
_bgre
_dGR-AtMCL
_eAACR2
245 1 _aΟλοκληρωμένα Συστήματα Διαχειρίσης Επιχειρησιακών Πόρων / Εφαρμογή στο Microsoft Business Solutions Navision
250 _a
260 _bΣταμούλης,
_c2006
300 _a384
505 0 _aΗ Βασική Transactional Πληροφοριακή Υποδομή των Επιχειρήσεων, Επιχειρησιακές Διαδικασίες και Συστήματα ERP, Μεθοδολογική Προσέγγιση Υλοποίησης Συστημάτων ERP, Τεχνολογική Υποδομή ενός ERP, Προγραμματισμός και Ελεγχος Παραγωγής με Συστήματα ERP, Παρουσίαση του Microsoft Business Evolution Navision, Αρχική Πτροσαρμογή του Microsoft Navision σε ένα Επιχειρησιακό Περιβάλλον, Βασικές Επιχειρησιακές Διαδικασίες, Microsoft Business Solutions - Navision - Βασική Περιήγηση.
520 _aΗ Βασική Transactional Πληροφοριακή Υποδομή των Επιχειρήσεων, Επιχειρησιακές Διαδικασίες και Συστήματα ERP, Μεθοδολογική Προσέγγιση Υλοποίησης Συστημάτων ERP, Τεχνολογική Υποδομή ενός ERP, Προγραμματισμός και Ελεγχος Παραγωγής με Συστήματα ERP, Παρουσίαση του Microsoft Business Evolution Navision, Αρχική Πτροσαρμογή του Microsoft Navision σε ένα Επιχειρησιακό Περιβάλλον, Βασικές Επιχειρησιακές Διαδικασίες, Microsoft Business Solutions - Navision - Βασική Περιήγηση.
700 1 _aΙωάννου Γιώργος
_92970
942 _cBK
999 _c2332
_d2332